Yonne - mort subite - Statistiques

Statistiques générales
  • Ce quiz a été pris 20 fois
  • Le résultat moyen est 6 sur 18
Answers on the Grid
Answers color-coded by a green-red scale on the quiz's grid according to % correct below.
Le site une bataille Arabe-Franc
Lancastre
Parc naturel Livradois-Forez
Machakos
Ogbomosho
Sambreville
Côme
Bar-sur-Seine
Les Abymes
Gulu
Le Canal de Bourgogne
Chablis
Saint-Gilles-les-Bains
Villeneuve-l'Archevêque
L'ancienne capitale d'une province romaine
Tonnerre
Charny Orée de Puisaye
Avallon
Arces-Dilo
Des bondrées apivores
La Valette
Looze
Damas
Fesses-les-Bains
Villeneuve-sur-Yonne
Les Icaunais
Pont-sur-Yonne
Une équipe qui ont été champions de France
Songea
Pouilly-en-Auxois
Villiers-sur-Yonne
Réservoir de Cercey
Agrotes
Parc Naturel du Morvan
Cry
Auxerre
 
Statistiques - réponses
Réponse % Correct
Auxerre
79%
Tonnerre
71%
Avallon
57%
Ville Chablis
57%
Pont-sur-Yonne
43%
Les habitants Les Icaunais
36%
Auxerre Une équipe qui ont été champions de France
36%
Villeneuve-l'Archevêque
36%
Villeneuve-sur-Yonne
36%
Charny Orée de Puisaye
29%
Looze
29%
Sens (Gallia Lugdunensis) L'ancienne capitale d'une province romaine
21%
Relie la Yonne (bassin de la Seine) et la Saône Le Canal de Bourgogne
21%
Sens, 725 (victoire franche), le point le plus septentrional du monde que les Omeyyades ont atteint Le site une bataille Arabe-Franc
21%
Cry
14%
Des bondrées apivores
14%
Parc Naturel du Morvan
14%
Arces-Dilo
7%
Aucun quiz correspondant
Distribution des résultats
% des personnes avec chaque résultat
Percentile par nombre de réponses
Votre historique - résultats
Vous n’avez pas pris ce quiz